Datum a čas kvízu
28.5
Celkem bodů
Celkový počet nahraných bodů na tomto kvízu bez doplňovacích otázek.
15.
Pořadí na kvízu
Konečné umístění týmu na tomto kvízu.
Zaznamenané odpovědi
| # | Otázka | Odpověď | Body | Výsledky |
|---|---|---|---|---|
| 1. | Ke kácení stromů ve většině př... | trhavinu | 0 | |
| 2. | V pondělí večer došlo k úplném... | přes Severní Ameriku | 1 | |
| 3. | Rozhořčení občané jednoho měst... | v Táboře | 0 | |
| 4. | Patříte-li mezi zákazníky inte... | fialová | 0 | |
| 5. | Francouzská parkouristka Anouk... | šplh na laně | 1 | |
| 6. | V pěti otázkách tohoto tématu... | kámen | 0 | |
| 7. | Jaká je denní dávka kuchyňské... | B | 1 | |
| 8. | Kala namak je zvláštním druhem... | A) černá | 0 | |
| 9. | Jak zní obchodní název takzvan... | Praganda | 0 | |
| 10. | Jeden z nejznámějších a nejsta... | D) Wieliczka | 1 |